|
|
|
|
| LEADER |
01969cam a2200349Ia 4500 |
| 001 |
9780203994948 |
| 003 |
FlBoTFG |
| 005 |
20091230162920.0 |
| 006 |
a|||||s||||||||||| |
| 007 |
cr|||| |
| 008 |
020604s2003 enk sb 001 0 eng d |
| 020 |
|
|
|a 9780203994948 (e-book : PDF)
|
| 040 |
|
|
|a FlBoTFG
|c FlBoTFG
|d GrThAP
|
| 043 |
|
|
|a e-it---
|
| 090 |
|
|
|a JC89
|b .B69 2003
|
| 092 |
|
|
|a 306.20937
|b B828
|
| 245 |
0 |
0 |
|a Bread and circuses
|h [electronic resource] :
|b euergetism and municipal patronage in Roman Italy /
|c edited by Kathryn Lomas and Tim Cornell.
|
| 260 |
|
|
|a London ;
|a New York :
|b Routledge,
|c 2003.
|
| 300 |
|
|
|a xii, 170 p.
|
| 504 |
|
|
|a Includes bibliographical references and index.
|
| 505 |
0 |
0 |
|t Introduction: patronage and benefaction in ancient Italy /
|r Kathryn Lomas, Tim Cornell --
|t Patron as banker /
|r Thomas Wiedemann --
|t Public building, urban renewal and euergetism in early Imperial Italy /
|r Kathryn Lomas --
|t Development of public entertainment venues in Rome and Italy /
|r Claire Holleran --
|t Euergetism in its place: where was the amphitheatre in Augustan Rome? /
|r Kathleen M. Coleman --
|t Emperor and the cities of Italy /
|r John R. Patterson --
|t Imperial building at Rome: the role of Constantine /
|r E.D. Hunt --
|t Favor populi: pagans, Christians and public entertainment in late Antique Italy /
|r Jill Harries --
|t 'Restored utility, eternal city': patronal imagery at Rome in the fourth century AD /
|r Rowland B.E. Smith.
|
| 530 |
|
|
|a Also available in print edition.
|b CRC Press (http://www.crcpress.com)
|
| 538 |
|
|
|a Mode of access: World Wide Web.
|
| 650 |
|
0 |
|a Benefactors
|z Rome.
|
| 650 |
|
0 |
|a Patron and client
|z Rome.
|
| 650 |
|
0 |
|a City-states
|z Italy
|x History.
|
| 651 |
|
0 |
|a Rome
|x Politics and government
|y 284-476.
|
| 655 |
|
7 |
|a Electronic books.
|2 lcsh
|
| 700 |
1 |
|
|a Lomas, Kathryn,
|d 1960-
|
| 700 |
1 |
|
|a Cornell, Tim.
|
| 776 |
1 |
|
|z 9780415146890
|
| 856 |
4 |
0 |
|u http://www.tandfebooks.com/isbn/9780203994948
|z Full Text via HEAL-Link
|